| 000 | 00879nam a22002657a 4500 | ||
|---|---|---|---|
| 001 | 16554 | ||
| 003 | BD-RjUL | ||
| 005 | 20211209000025.0 | ||
| 008 | 140213s1944 ii a ab 000 0 eng d | ||
| 035 | _a(BD-RjUL) 16609 | ||
| 040 |
_aDLC _cDLC _beng _dBD-RjUL |
||
| 041 | _aeng | ||
| 082 | 0 | 0 |
_221 _a796.522095496 _bBHL 1944 |
| 100 | 1 |
_aBhanja, K. C. _951161 |
|
| 245 | 1 | 0 |
_aLure of the Himalaya : _bembodying accounts of Mount Everest expeditions by land and air / _cby K.C. Bhanja. |
| 260 |
_aDarjeeling : _bGilbert & Co., _c1944. |
||
| 300 |
_a253, [ii] p. : _bill. ; _c17 cm. |
||
| 504 | _aIncludes bibliographical references. | ||
| 651 | 0 |
_aEverest, Mount (China and Nepal) _935381 |
|
| 830 | 0 |
_vitem 10032. _951174 |
|
| 830 | 0 |
_aSAMP early 20th-century Indian books project ; _951175 |
|
| 942 |
_2ddc _cBK |
||
| 999 |
_c16554 _d16554 |
||